Sports Quiz

Random Sports or World Quiz

Men's Tennis Top 50 (2010) Quiz Stats

 Plays Quiz Updated Oct 23, 2018

Score 0/50 Timer 07:00
9 Plays Today
Rank Player % Correct
3Novak Djokovic
96.6%
2Roger Federer
95.4%
1Rafael Nadal
91.8%
4Andy Murray
90.4%
19John Isner
62%
7David Ferrer
61.1%
13Jo-Wilfried Tsonga
61%
6Tomas Berdych
56.7%
5Robin Soderling
53.8%
18Sam Querrey
48.5%
24Ernests Gulbis
44.3%
21Stanislas Wawrinka
43.3%
12Gael Monfils
40.8%
41Marcel Granollers
39.1%
42Gilles Simon
38.9%
9Fernando Verdasco
38.5%
8Andy Roddick
35.3%
32Feliciano Lopez
35%
49Janko Tipsarevic
34.2%
15Nicolas Almagro
33.8%
35Yen-Hsun Lu
33.3%
16Mardy Fish
32.8%
11Jurgen Melzer
31.5%
25Albert Montanes
31.3%
26Juan Monaco
30.6%
Rank Player % Correct
28Juan Carlos Ferrero
29.9%
29Richard Gasquet
29%
22Nikolay Davydenko
29%
14Marin Cilic
26.9%
44Julien Benneteau
26.6%
10Mikhail Youzhny
25.8%
30Viktor Troicki
24.5%
38Jarkko Nieminen
23.6%
34Philipp Kohlschreiber
23.3%
20Marcos Baghdatis
23.2%
17Ivan Ljubicic
23.1%
23Michael Llodra
22.8%
27David Nalbandian
22%
40Denis Istomin
19.8%
33Guillermo Garcia-Lopez
19.6%
31Thomaz Bellucci
18.7%
43Thiemo de Bakker
15.4%
48Alexandr Dolgopolov
14.5%
45Jeremy Chardy
13.2%
50Tommy Robredo
9.8%
46Sergiy Stakhovsky
9.8%
39Juan Ignacio Chela
9%
47Potito Starace
7.8%
37Florian Mayer
7.1%
36Andrey Golubev
4.4%

You're not logged in!

Compare scores with friends on all Sporcle quizzes.
OR
Log In

Sporcle TV

Today on Sporcle TV


Watch our educational content, quiz creation guides, and fun videos on Sporcle TV.

Show Comments

Extras

Top Quizzes Today


Score Distribution

Your Account Isn't Verified!

In order to create a playlist on Sporcle, you need to verify the email address you used during registration. Go to your Sporcle Settings to finish the process.

Report this User

Report this user for behavior that violates our Community Guidelines.

Details: